000 005720000a22001090004500
100 1 _aMorales, Lorenzo
245 1 0 _a¿Vivir del muerto?
300 _aVol.0, núm.21 (Junio, 2007), Páginas 38-39
520 _aYoko Ono quedará para muchos como la culpable de la separación de los Beatles. No hay duda de que como artista plástica conquistó un espacio en el mundo de las galerías y los museos. Como música en cambio, nada logró con su conceptualismo, pero ahora las cosas parecen haber cambiado.
773 0 _tArcadia / Andrés Felipe Solano, Editor
942 _cANA
999 _c62216
_d62216